| 000 | 00441 a2200169 4500 | ||
|---|---|---|---|
| 003 | Nust | ||
| 005 | 20170207153246.0 | ||
| 040 | _cNust | ||
| 082 | _a621.382 | ||
| 100 | _aSaeed, Maj Arif (TE-21) | ||
| 245 |
_aELF communication _cMaj Arif Saeed, Capt Tariq Naeem, Sami Qureshi, Capt Syed Ali Raza and Maj Superebadio (Indonesia). |
||
| 260 | _bMCS | ||
| 300 | _a19 p. | ||
| 538 | _aT3 Shelf No 1 | ||
| 650 | _aUG Projects | ||
| 651 | _aTE-21 | ||
| 942 | _cTHS | ||
| 999 |
_c182619 _d182619 |
||